Арсеньева Е. "Мечты и дела. Храмы. Обращение к матерям воинов на Дальнем Востоке"

Доступно только в Электронных читальных залах Найти на картеНа карте
RUSMARC
00003888nac2a22002771x 450
001ec9793f8-1826-4648-8db7-9352b17353b6
00520131029123716.0
100##$a20130605l1927 k y0rusy50 ca
1010#$arus
102##$aRU
105##$ay z |||||
2001#$aАрсеньева Е. "Мечты и дела. Храмы. Обращение к матерям воинов на Дальнем Востоке"
$j[19--]
215##$a109 листов
251##$cДело
300##$aС дарственной надписью автора Кони А. Ф.
300##$aПриложено письмо Арсеньевой к Кони А. Ф.
300##$aЛисты: 1, 6-109 - брошюры; 5 - конверт
300##$aЧасть текста рукописная, часть - напечатана типографским способом
330##$aМатериалы, преподнесенные и посвященные А. Ф. Кони; Книги и другие печатные издания
461#0$10013a54f2e3-e9cf-409b-80fa-f0a9bd3c40cb
$12001
$aКони Анатолий Федорович, юрист, литератор, член академии наук, председатель Санкт-Петербургского окружного суда, член государственного совета
$1251
$cФонд
$1852
$j564
462#0$100178a475cd-a47d-4377-bff3-cee4b81de655
$12001
$aОпись дел фонда А. Ф. Кони за 1880-1931 гг.
$1251
$cОпись
$1852
$j1
600#1$aКони
$bА. Ф.
$f1844-1927
$gАнатолий Федорович
600#1$aАрсеньева
$bЕ.
801#0$aRU
$bGA_RF
801#1$aRU
$bНПО Опыт
$c20130605
$2rusmarc
801#2$aRU
$bПБ им. Б.Н. Ельцина
$c20131029
$gRCR
$2rusmarc
852##$aГА РФ
$j4059
937##$d39782100
$hПБ
035##$aRuPRLIB51006621
Формат отображения